Dôchodcovia sú chudobní a nezdraví
Pohľad na zdravotný stav seniorov a demografický vývoj na Slovensku. Kvalita zdravotnej a sociálnej starostlivosti je odrazom vyspelosti krajiny. V štatistikách sa väčšinou venuje pozornosť mladšej generácii a zriedkavo obyvateľom po 65-ťke. Tento článok venuje pozornosť práve tejto skupine obyvateľ...
Enregistré dans:
| Format: | Chapitre de livre |
|---|---|
| Langue: | slovaque |
| Sujets: | |
| Tags: |
Pas de tags, Soyez le premier à ajouter un tag!
|
MARC
| LEADER | 00000naa$a2200000$$$4500 | ||
|---|---|---|---|
| 001 | 0021761 | ||
| 005 | 20231016083616.1 | ||
| 041 | 0 | |a slo | |
| 044 | |a SK | ||
| 245 | 1 | 0 | |a Dôchodcovia sú chudobní a nezdraví |
| 520 | |a Pohľad na zdravotný stav seniorov a demografický vývoj na Slovensku. Kvalita zdravotnej a sociálnej starostlivosti je odrazom vyspelosti krajiny. V štatistikách sa väčšinou venuje pozornosť mladšej generácii a zriedkavo obyvateľom po 65-ťke. Tento článok venuje pozornosť práve tejto skupine obyvateľstva. | ||
| 610 | 2 | 0 | |a seniori |
| 610 | 2 | 0 | |a dôchodcovia |
| 610 | 2 | 0 | |a zdravie |
| 610 | 2 | 0 | |a demografia |
| 610 | 2 | 0 | |a Slovensko |